00719nam a2200217Ia 4500003000900000008004100009020001800050040001600068080001500084245008300099260003300182300001600215490003500231650004100266650002500307650002200332700002900354942000700383999001500390952009600405IN-BaIIA211028s9999 xx 000 0 eng d a0-306-41854-1 cIIA Library a539.1bAUT 0aAutoionizationcedited by Aaron Temkin  aNew YorkbPlenum Pressc1985 axiii, 261p. aPhysics of atoms and molecules aAstronomy and astrophysics thesaurus aAtomic physics91547 aIonization915291 aTemkin, Aaron, ed.97467 cBK c9109d9109 00104070aBANbBANcGENd0000-00-00l0o539.1/ AUTp10011r2025-07-13w0000-00-00yBK 54